000 nam a22 a 4500
999 _c173946
_d173946
003 BLK
005 20221213030102.0
008 180411b bul|||||r ||||||| ||bul||
010 _aKNG00182391000
040 _aBLK
041 _aBUL
_cBUL
080 _aБългарска литература
_b821.163.2
_x-1
_z821.163.2-1
100 1 _aТзавелла, Христофор Трайков
_eпърви автор
_9370738
139 _aТзавелла, Христофор Трайков
_bТ 53
245 1 0 _aКирилици
_bСтихотворения
_cХристофор Трайков Тзавелла; прев. от англ. и послесл. Владимир Свинтила.
257 _aBGR
260 _bНар. култура
_c1972
_aСофия
300 _a208 с., 1 портр.
_c22 см
380 _aX
700 1 _aСвинтила, Владимир
_gНиколов, Владимир Георгиев
_9364072
852 _aЦб 66883
856 4 _qpdf
856 4 _qpdf
942 _cKNG
_n0
_s1
944 _aCR
_c23.09.2015
_kТеодора_Стоянова
944 _aED
_c12.09.2017
_kВася_Ганчева
999 _d173946